000 00810 a2200205 4500
020 _a0321126955
040 _aDLC
_bDLC
100 1 _aHayes, Chris.
245 1 0 _aCertified Macromedia Flash MX designer study guide
_cChristopher Hayes.
246 3 0 _aMacromedia Flash MX designer study guide
246 3 0 _aCertified Flash MX designer study guide
260 _aBerkeley, Calif. :
_bMacromedia Press,
_cc2003.
300 _axix, 116 p. :
_bill. ;
_c23 cm.
500 _aIncludes index.
500 _a"What every Macromedia Flash designer needs to know to pass the Certified Macromedia Flash MX designer exam"--Cover.
650 0 _aComputer animation
_xExaminations
650 0 _aWeb sites
_xDesign
_xExaminations
650 0 _aElectronic data processing personnel
_xCertification.
942 _cBK
_k006.78 HAY
_2ddc
999 _c6906
_d6906